Informe sobre la situación de las mujeres en Centroamérica y Panamá

محفوظ في:
التفاصيل البيبلوغرافية
المؤلف الرئيسي: García, Ana Isabel
مؤلف مشترك: FLACSO
التنسيق: نص
منشور في: San José: FLACSO
الوسوم: إضافة وسم
لا توجد وسوم, كن أول من يضع وسما على هذه التسجيلة!

MARC

LEADER 00000 a a2200000 04500
001 24187
003
040
090 |a 171500  
100 |a García, Ana Isabel  
110 |a FLACSO  
245 |a Informe sobre la situación de las mujeres en Centroamérica y Panamá  
260 |a San José:   |b FLACSO  
300 |a 29 p.   |b **no definido**  
999 |c 16218  |d 16218